• 首页
  • 本馆介绍
  • 公告通知
  • 最新文献
  • 馆藏检索
  • 电子资源
  • 读者导购
  • 参考咨询
  • 我的图书馆
  • 登录
  • 详细信息显示
  • 放入我的书架
  • 预约/预借图书
  • 作者相关作品
  • 分类相关作品
  • 丛书相关作品
  • 出版社相关作品

书目信息

  • 表格格式
  • 工作单格式
  • 卡片格式
题名:
光亮镀镍
    
 
作者: 陈天玉 编著
分册:  
出版信息: 北京   化学工业出版社  2007
页数:
开本: 20cm
丛书名: 镀镍技术丛书
单 册:
中图分类: TQ153.1
科图分类:
主题词: 电镀--化学工业
电子资源:
ISBN: 7-5025-9521-0
000 00573nam0 2200205 450
001 0754114953
005 20070929150154.95
010    @a7-5025-9521-0
100    @a20070929d km y0chiy0120 ea
101 0  @achi
200 1  @a光亮镀镍@Aguang liang du nie@f陈天玉 编著@Fchen tian yu bian zhu
210    @a北京@c化学工业出版社@d2007
215    @c插图@d20cm
225 2  @a镀镍技术丛书
410  0 @12001 @a镀镍技术丛书
606 0  @a电镀@x化学工业
690    @aTQ153.1@v3
701  0 @a陈天玉@Achen tian yu@4编著
801  0 @aCN@bPFT@c20070929
905    @a213230@dTQ153.1@eh46@f1
    
    光亮镀镍/陈天玉 编著.-北京:化学工业出版社,2007
    插图;20cm.-(镀镍技术丛书)
    
    
    ISBN 7-5025-9521-0:
    
●
相关链接 在E读中查询图书 在五车中查询图书 在当当中查询图书 在豆瓣中查询图书


正题名:光亮镀镍     索取号:TQ153.1/h46         预约/预借

序号 登录号 条形码 馆藏地/架位号 状态 备注
1 6002176   260021764   密集书库-化学系/ [索取号:TQ153.1/h46] 在馆    
欢迎您!
大连网信软件有限公司© 版权所有